00801nam a2200241 i 4500001001000000003000900010005001700019007000300036008004100039040003000080082002200110100002300132245011900155264003400274300004500308336002700353337003300380338002900413650002700442650004200469650001300511700003500524000007218DO-SdBNP20250307084656.0ta090907s1993 dr a 001 0 spa d aDO-SdBNPbspacBNPHUerda a370.71bV234p222 aVanderhorst, Rosa 10aPrograma de entrenamiento de profesores. Módulo :brecursos didacticos /cRosa Vanderhorst , Norca Ligia Peralta aSanto Domingo :bEduca,c1993 a105 paginas. :bilustraciones. ;c22 cm. 2rdacontentatextobtxt 2rdamediaasin mediaciónbn 2rdacarriaeravolumenbnc 4aCapacitación docente 4aEntrenamiento en servicio de maestros 0aMaestros1 aPeralta P., Norca Ligiaeautor